| 000 | 00397nam a22001697a 4500 | ||
|---|---|---|---|
| 005 | 20260508151143.0 | ||
| 008 | 160531b xxu||||| |||| 00| 0 eng d | ||
| 020 | _a0-07-047382-x | ||
| 041 | _aeng | ||
| 082 | _a659.1 | ||
| 100 |
_aBreach, George E & Brech Mihael A _91572 |
||
| 245 | _aAdvertising and Promotion | ||
| 260 |
_bTMH _c2001 |
||
| 300 | _a795 | ||
| 650 | _aManagement | ||
| 942 | _cBK | ||
| 999 |
_c2216 _d2215 |
||